Macromolecule design and manipulation practical textbook /
This book is written to facilitate the understanding and implementation of the subject area thought in the Biology MSc practical course Macromolecule design and manipulation at the University of Szeged. We recommend this book to those students, who would like to extend their knowledge in particular...
Elmentve itt :
| Szerzők: | |
|---|---|
| További közreműködők: | |
| Dokumentumtípus: | Könyv |
| Megjelent: |
2018-08-31
|
| Tárgyszavak: | |
| Online Access: | http://eta.bibl.u-szeged.hu/525 |
| LEADER | 01763nnm a2200241 i 4500 | ||
|---|---|---|---|
| 001 | eta525 | ||
| 005 | 20201026150120.0 | ||
| 008 | 180910s2018 hu o 0|| eng d | ||
| 040 | |a SZTE Elektronikus Tananyag Archívum |b hun | ||
| 041 | |a eng | ||
| 100 | 1 | |a Borsos Barbara Nikolett | |
| 245 | 1 | 0 | |a Macromolecule design and manipulation |h [elektronikus dokumentum] : |b practical textbook / |c Borsos Barbara Nikolett |
| 260 | |c 2018-08-31 | ||
| 300 | |a 304 | ||
| 516 | |a Book | ||
| 520 | 3 | |a This book is written to facilitate the understanding and implementation of the subject area thought in the Biology MSc practical course Macromolecule design and manipulation at the University of Szeged. We recommend this book to those students, who would like to extend their knowledge in particular by familiarising themselves with methods used in modern molecular biology and biochemistry. This book provides useful information on basic methods through a detailed coverage of experiments by expression and purification of a thermostable DNA polymerase, which will be performed by the participating students. Basic English language knowledge is required for the successful achievement of the course, which also gives the opportunity for the students to get familiar with some of the basic terminologies used in a molecular biology laboratory. | |
| 650 | 4 | |a Természettudományok | |
| 650 | 4 | |a Biológiai tudományok | |
| 650 | 4 | |a Biokémia és molekuláris biológia | |
| 650 | 4 | |a Molekuláris biológia | |
| 700 | 0 | 1 | |a Boros Imre Miklós |
| 700 | 0 | 1 | |a Vedelek Balázs |e aut |
| 856 | 4 | 0 | |u https://eta.bibl.u-szeged.hu/525/1/EFOP343_AP2TTIK_jegyzet_Borsos_Barbara_Nikolett_Vedelek_Bal%C3%A1zs_et_al_Macromolecule_design_and_manipulation_practical_textbook_20180831.pdf |z Dokumentum-elérés |